00329nam a2200133Ia 4500008004100000020001000041040001600051041001200067082001400079100001600093245004600109260002900155300001100184230917s9999||||xx |||||||||||||| ||und|| cRS275 e23173aMAIN aEnglish a330.1 U1E aUma Devi, S 0aEvpolution of economic thought and theory aNew DelhibS Chandc1996 a223 p.